[Event "Budapest FS04 GM"]
[Site "Budapest"]
[Date "1993.??.??"]
[Round "3"]
[White "Dolgener, Tobias"]
[Black "Varga, Zoltan"]
[Result "0-1"]
[WhiteElo "2270"]
[BlackElo "2450"]

1.e4 c5 2.Nf3 e6 3.d4 cxd4 4.Nxd4 Nc6 5.Nc3 Qc7 6.g3 a6 7.Bg2 b5 8.O-O Bb7
9.Re1 Bb4 10.a4 bxa4 11.Rxa4 Nge7 12.Nxc6 Bxc3 13.bxc3 Bxc6 14.Rd4 Qa5 15.c4 O-O
16.Bd2 Qa4 17.Bf4 Rfe8 18.Bd6 Nc8 19.c5 Qa5 20.e5 Bxg2 21.Kxg2 Nxd6 22.cxd6 Rac8
23.Ree4 Rc5 24.Qh5 g6 25.Qg5 Rf8 26.Ra4 Qb5 27.Qh6 Qc6 28.Kh3 f5 29.Rh4 Rf7
30.Rhb4 Qa8 31.Rb6 a5 32.Qe3 Rxc2 33.Qb3 Rc8 34.Rb7 g5 35.f3 Kg7 36.Qb5 Rc2
37.Rxa5 g4+ 38.fxg4 fxg4+ 39.Kxg4 Rxh2 40.Qxd7 Qxb7  0-1

[Event "Budapest FS08 GM"]
[Site "Budapest"]
[Date "1993.??.??"]
[Round "3"]
[White "Tolnai, Tibor"]
[Black "Almasi, Istvan"]
[Result "1-0"]
[WhiteElo "2490"]
[BlackElo "2400"]

1.e4 c5 2.Nf3 e6 3.Nc3 Nc6 4.d4 cxd4 5.Nxd4 Nf6 6.Ndb5 d6 7.Bf4 e5 8.Be3 a6
9.Na3 Rb8 10.Nd5 Nxd5 11.exd5 Ne7 12.b4 Nf5 13.Bd2 Be7 14.Nc4 O-O 15.a4 Bd7
16.Bd3 Qc7 17.c3 e4 18.Be2 Bf6 19.O-O Rfe8 20.Rc1 b5 21.axb5 axb5 22.Ne3 Qb7
23.Qb3 Ne7 24.Rfd1 Ng6 25.c4 bxc4 26.Nxc4 Qxd5 27.Be3 Qb5 28.Nxd6 Qxe2 29.Qxf7+ Kh8
30.Qxd7 Ne5 31.Nf7+ Nxf7 32.Qxf7 Bc3 33.b5 Red8 34.Qb3 Bb2 35.Rxd8+ Rxd8
36.Rb1 h6 37.g3 Rd3 38.Qf7 Rd1+ 39.Rxd1 Qxd1+ 40.Kg2  1-0

[Event "Budapest FS03 IM"]
[Site "Budapest"]
[Date "1993.??.??"]
[Round "4"]
[White "Dobos, Jozsef"]
[Black "Armanda, Ivica"]
[Result "1-0"]
[WhiteElo "2340"]
[BlackElo "2285"]

1.e4 c5 2.Nf3 e6 3.d4 cxd4 4.Nxd4 Nc6 5.Nc3 Qc7 6.Be3 a6 7.Bd3 Nf6 8.O-O Ne5
9.h3 d6 10.Qe2 Be7 11.f4 Ng6 12.a4 O-O 13.Nb3 Bd7 14.a5 Bc6 15.Nd2 Rae8 16.Qf2 d5
17.e5 Nh5 18.Qf3 d4 19.Qxh5 dxe3 20.Nde4 b5 21.axb6 Qxb6 22.Rxa6 Qd4 23.Ne2 Qd5
24.Qf3 Bb7 25.Ra7 Rc8 26.Rxb7 f5  1-0

[Event "Budapest FS05 IM"]
[Site "Budapest"]
[Date "1993.??.??"]
[Round "5"]
[White "Czebe, Attila"]
[Black "Fancsy, Imre"]
[Result "0-1"]
[WhiteElo "2270"]
[BlackElo "2300"]

1.e4 c5 2.Nf3 e6 3.d4 cxd4 4.Nxd4 Nc6 5.Nc3 Qc7 6.Be2 a6 7.O-O Nf6 8.Be3 Bb4
9.Na4 O-O 10.Nxc6 bxc6 11.f4 Be7 12.Bf3 e5 13.fxe5 Qxe5 14.Bd4 Qa5 15.c4 d6
16.e5 dxe5 17.Bb6 Qb4 18.a3 Qxc4 19.Rc1 Qh4 20.Bxc6 Bg4 21.Qe1 Qxe1 22.Rfxe1 Rac8
23.Bb7 Rxc1 24.Rxc1 Rb8 25.Bxa6 Bd7 26.Ba7 Ra8 27.Rc7 Bd8 28.Rb7 Bxa4 29.Rb8 Rxb8
30.Bxb8 Bb6+ 31.Kf1 Nd7 32.Bd6 Bc5 33.Bc7 Kf8 34.b4 Bb6 35.Bd6+ Ke8 36.Bc4 f6
37.Bd3 h6 38.h4 Kd8 39.Bf5 Bb5+ 40.Ke1 Ke8 41.Bc2 Bc6 42.a4 Bxg2 43.a5 Ba7
44.b5 Bc5 45.Bc7 Ke7 46.b6 Bb7 47.Bd3 Bb4+  0-1

[Event "Budapest FS11 GM"]
[Site "Budapest"]
[Date "1993.??.??"]
[Round "5"]
[White "Sutovskij, Emil"]
[Black "Almasi, Istvan"]
[Result "1-0"]
[WhiteElo "2410"]
[BlackElo "2400"]

1.e4 c5 2.Nf3 e6 3.Nc3 Nc6 4.d4 cxd4 5.Nxd4 Nf6 6.g3 d6 7.Bg2 Bd7 8.O-O a6
9.a4 Be7 10.Nb3 Na5 11.Nxa5 Qxa5 12.Bf4 Qc5 13.Qd2 Bc6 14.Rad1 Rd8 15.Rfe1 O-O
16.Nd5 Bxd5 17.exd5 e5 18.Be3 Qc7 19.a5 Rc8 20.Bh3 Ne4 21.Qb4 f5 22.Bxf5 Rxf5
23.Qxe4 Qxc2 24.Qb4 Rcf8 25.Rc1 Qd3 26.Qxb7 Bd8 27.Rc3 Qe4 28.Qxa6 Qxd5 29.b4 Kh8
30.Qc4 Qb7 31.a6  1-0

[Event "Budapest FS04 IM"]
[Site "Budapest"]
[Date "1993.??.??"]
[Round "5"]
[White "Sziva, Erika"]
[Black "Fancsy, Imre"]
[Result "0-1"]
[WhiteElo "2235"]
[BlackElo "2300"]

1.e4 c5 2.Nf3 e6 3.d4 cxd4 4.Nxd4 Nc6 5.Nc3 Qc7 6.Be2 a6 7.O-O Nf6 8.Be3 Bb4
9.Na4 O-O 10.Nxc6 bxc6 11.f4 Be7 12.Bd3 d6 13.Nb6 Rb8 14.Nxc8 Qxc8 15.Qe2 a5
16.c4 Nd7 17.Rf3 g6 18.Bd4 Qc7 19.Qd2 Bf6 20.Bxf6 Nxf6 21.Rb1 d5 22.exd5 cxd5
23.cxd5 Nxd5 24.Bf1 Rfd8 25.Qf2 Rb6 26.g3 Rc6 27.Re1 Nf6 28.h3 Rc2 29.Re2 Rc1
30.Re1 Rc2 31.Re2 Rc1 32.Re1 Rdd1 33.Rxd1 Rxd1 34.Re3 Qc1 35.Rc3 Qb1 36.Qe2 Re1
37.Qg2 Nd5  0-1

[Event "Spring op"]
[Site "Budapest"]
[Date "1993.??.??"]
[Round "7"]
[White "Farkas, Zsolt"]
[Black "Fogarasi, Tibor"]
[Result "0-1"]
[WhiteElo "2240"]
[BlackElo "2395"]

1.e4 c5 2.Nf3 e6 3.d4 cxd4 4.Nxd4 Nc6 5.Nc3 Qc7 6.Be3 a6 7.Be2 Nf6 8.O-O Bb4
9.Bd3 Ne5 10.Nce2 d5 11.Ng3 h5 12.exd5 h4 13.Ne4 Nxd5 14.c4 Nxe3 15.fxe3 Be7
16.c5 f5 17.Nd6+ Bxd6 18.cxd6 Qxd6 19.Be2 h3 20.Nf3 Qxd1 21.Rfxd1 Ng4 22.e4 Ne3
23.Rd3 Nxg2 24.exf5 exf5 25.Rad1 O-O 26.Ng5 Nf4 27.R3d2 Nxe2+ 28.Rxe2 f4
29.Re7 Bg4 30.Rde1 b5 31.Ne6 Bxe6 32.R1xe6 Rf7 33.Re8+ Rxe8 34.Rxe8+ Kh7
35.Re6 Rf6 36.Re7 Rg6+  0-1

[Event "Budapest FS04 IM"]
[Site "Budapest"]
[Date "1993.??.??"]
[Round "8"]
[White "Lengyel, Bela"]
[Black "Fancsy, Imre"]
[Result "1-0"]
[WhiteElo "2350"]
[BlackElo "2300"]

1.e4 c5 2.Nf3 e6 3.d4 cxd4 4.Nxd4 Nc6 5.Nc3 Qc7 6.f4 Nxd4 7.Qxd4 a6 8.Be2 b5
9.Bf3 Bb7 10.Be3 Rc8 11.O-O Bc5 12.Qxg7 Bxe3+ 13.Kh1 Ke7 14.e5 Rf8 15.Qxh8 Bxf4
16.Bxb7 Bxe5 17.Nd5+ exd5 18.Rae1 d6 19.Bxd5 Kd7 20.Qxh7 Ne7 21.Rxf7 Re8
22.c3 Kd8 23.Be6 Qc5 24.Qh4 Qa7 25.Ref1  1-0

[Event "Budapest FS08 IM"]
[Site "Budapest"]
[Date "1993.??.??"]
[Round "8"]
[White "Tomcsanyi, Peter"]
[Black "Dolgener, Tobias"]
[Result "1-0"]
[WhiteElo "2290"]
[BlackElo "2235"]

1.e4 c5 2.Nf3 e6 3.d4 cxd4 4.Nxd4 Nc6 5.Nc3 a6 6.g3 Qc7 7.Bg2 Nxd4 8.Qxd4 Nf6
9.Bf4 Qc5 10.Qd2 d6 11.O-O-O e5 12.Bg5 Be6 13.f4 Rc8 14.f5 Bc4 15.Bf1 Be7
16.Bxf6 Bxf6 17.Bxc4 Qxc4 18.Qd3 Qxd3 19.Rxd3 Rc6 20.Rhd1 Kd7 21.Nd5 Bg5+
22.Kb1 Rhc8 23.a4 Bd8 24.Nb4 Rc4 25.Rxd6+ Ke8 26.Nd5 Rxc2 27.Rxd8+ Kxd8 28.Nb4+ Ke7
29.Nxc2 Rc4 30.Re1 Rxa4 31.b3  1-0

[Event "Spring op"]
[Site "Budapest"]
[Date "1993.??.??"]
[Round "8"]
[White "Zagrebelny, Sergey"]
[Black "Beshukov, Sergei"]
[Result "1/2-1/2"]
[WhiteElo "2490"]
[BlackElo "2435"]

1.e4 c5 2.Nf3 e6 3.Nc3 Nc6 4.d4 cxd4 5.Nxd4 Nf6 6.g3 Bb4 7.Bg2 d5 8.exd5 Nxd5
9.O-O Bxc3 10.Nxc6 bxc6 11.bxc3 Ba6 12.Re1 O-O 13.Qd4 Qa5 14.Bd2 Rad8 15.Qxa7 Ra8
16.Qd4 Rfd8 17.Qe5 Bc4 18.Re4 Nb6 19.Qxa5 Rxa5 20.Rd4 Rc8 21.a3 c5 22.Rd6 Nd5
23.h3 Ra7 24.a4 Kf8 25.Bxd5 Bxd5 26.Be3 Ra5 27.Rb6 Rca8 28.Kf1 Ke7 29.Ke1 Rxa4
30.Bxc5+ Kd7 31.Rd1 Ra1 32.Bd4 Rxd1+ 33.Kxd1 f6 34.Bc5 Kc7 35.Rb4 Kc6 36.Be3 Bf3+
37.Ke1 e5 38.c4 Kd7 39.c5 Kc6 40.Rb6+ Kc7 41.Re6 Kd7 42.Rd6+ Ke7 43.Rb6 Kd7
44.Rd6+ Ke7 45.Bd2 Ra4 46.Rb6 Kd7 47.Rb8 Ra8 48.Rb4 Bc6 49.h4 Ra4 50.Rb8 Ra8
51.Rb3 Bd5 52.Rb4 Ra1+ 53.Ke2 Ra2 54.Kd1 Ra7 55.Rb2 Rb7 56.Bb4 Kc6 57.Kc1 g5
58.Rb1 gxh4 59.gxh4 Rg7 60.Kd2 Rg4 61.Ba3 Kc7 62.Rb6 Bc6 63.Rb4 e4 64.Rb3 Rxh4
65.Rg3 f5 66.Bb2 Bd7 67.Rg7 Kc6 68.Rf7 Rh6 69.Bd4 Be6 70.Ra7 Kd5 71.Be3 Rf6
72.Ra6 f4 73.Rd6+ Kc4 74.Bxf4 Kxc5 75.Ke3 Rxf4 76.Rxe6 Rf3+  1/2-1/2

[Event "Budapest FS07 IM-B"]
[Site "Budapest"]
[Date "1993.??.??"]
[Round "9"]
[White "Melzer, Christian"]
[Black "Almasi, Istvan"]
[Result "0-1"]
[WhiteElo "2100"]
[BlackElo "2400"]

1.e4 c5 2.Nc3 Nc6 3.Nf3 e6 4.d4 cxd4 5.Nxd4 Nf6 6.Be3 Bb4 7.Bd3 d5 8.Nxc6 bxc6
9.exd5 Nxd5 10.Bd2 Qa5 11.Ne4 Nf4 12.Bf1 Qe5 13.f3 Rb8 14.Bxb4 Rxb4 15.Qd6 Rxe4+  0-1

[Event "Spring op"]
[Site "Budapest"]
[Date "1993.??.??"]
[Round "9"]
[White "Chernyshov, Konstantin"]
[Black "Tregubov, Pavel V"]
[Result "1-0"]
[WhiteElo "2385"]
[BlackElo "2445"]

1.e4 c5 2.Nf3 e6 3.d4 cxd4 4.Nxd4 Nc6 5.Nc3 Qc7 6.g3 a6 7.Bg2 d6 8.O-O Bd7
9.b3 Be7 10.Nce2 Nf6 11.c4 O-O 12.Ba3 Rfd8 13.Qd2 Rac8 14.Rac1 Be8 15.Rfd1 Qb8
16.Qe1 Bf8 17.h3 Nd7 18.Kh2 Nc5 19.Rc2 Ne5 20.Rcd2 b5 21.cxb5 axb5 22.Bb4 Qb6
23.f4 Nc6 24.Nxc6 Bxc6 25.Nd4 Bxe4 26.Bxe4 Nxe4 27.Re2 d5 28.Ba5 Qa6 29.Bxd8 Rxd8
30.Nxe6 fxe6 31.Rxe4 Qxa2+ 32.Rd2 Qa8 33.Red4 Qc6 34.Re2 Kf7 35.Rd3 d4 36.Qf2 g6
37.Qg2 Qxg2+ 38.Kxg2 Bg7 39.Kf3 Ke7 40.Ra2 Rd7 41.Ke4 Bf6 42.Ra5 Rd5 43.Ra7+ Rd7
44.Rxd7+ Kxd7 45.Rd2 Kd6 46.Rc2 e5 47.b4 exf4 48.gxf4 Bh4 49.Rc5  1-0

[Event "Budapest zt-B"]
[Site "Budapest"]
[Date "1993.??.??"]
[Round "9"]
[White "Spasov, Vasil"]
[Black "Stohl, Igor"]
[Result "1/2-1/2"]
[WhiteElo "2520"]
[BlackElo "2540"]

1.e4 c5 2.Nf3 e6 3.d4 cxd4 4.Nxd4 Nc6 5.Nc3 Qc7 6.Be2 Nf6 7.O-O Be7 8.Be3 O-O
9.f4 d6 10.Qe1 a6 11.Qg3 Nxd4 12.Bxd4 b5 13.a3 Bb7 14.Kh1 Bc6 15.Rae1 Qb7
16.Bd3 b4 17.axb4 Qxb4 18.Ne2 Qb7 19.Nc3 Qb4 20.Ne2 Qb7 21.Nc3  1/2-1/2

[Event "Budapest FS04 IM"]
[Site "Budapest"]
[Date "1993.??.??"]
[Round "10"]
[White "Farkas, Tibor"]
[Black "Fancsy, Imre"]
[Result "0-1"]
[WhiteElo "2370"]
[BlackElo "2300"]

1.e4 c5 2.Nf3 e6 3.d4 cxd4 4.Nxd4 Nc6 5.Nc3 Qc7 6.Be3 a6 7.Be2 Nf6 8.a3 Na5
9.O-O Nc4 10.Bxc4 Qxc4 11.Qd3 Qc7 12.Rad1 Be7 13.f4 d6 14.f5 O-O 15.h3 Bd7
16.Rf2 Rfe8 17.fxe6 fxe6 18.Nde2 Bc6 19.Nd4 Bd7 20.Nde2 Bc6 21.Nd4 Bf8 22.Rdf1 Nd7
23.Rf7 Qc8 24.Nxc6 bxc6 25.R7f2 Ne5 26.Qe2 Be7 27.Bd4 Bf6 28.Rxf6 gxf6 29.Bxe5 dxe5
30.Qg4+ Kh8 31.Rxf6 Ra7 32.Qh5 Qb8 33.Rf7 Rxf7 34.Qxf7 Qd8 35.Kh2 Rg8 36.Qf2 Qg5
37.g3 Rd8 38.Ne2 Kg8 39.h4 Qg4 40.Qe3 Rd1 41.Nc3 Rd4 42.Kg2 Kg7 43.Kh2 Qg6
44.Kg2 Qh6 45.Kf3 Rd2 46.Qa7+ Kg8 47.Qxa6 Qf6+ 48.Kg4 Qg6+ 49.Kf3 Qf7+ 50.Kg4 h5+
51.Kh3 Qf3  0-1

[Event "Budapest FS06 GM"]
[Site "Budapest"]
[Date "1993.??.??"]
[Round "12"]
[White "Magyar, Otto"]
[Black "Barkhagen, Jonas"]
[Result "0-1"]
[WhiteElo "2390"]
[BlackElo "2410"]

1.e4 c5 2.Nf3 e6 3.d4 cxd4 4.Nxd4 Nc6 5.Nc3 a6 6.Be3 Qc7 7.Nb3 Nf6 8.Bd3 d5
9.exd5 exd5 10.h3 Be7 11.O-O O-O 12.Nd4 Bd8 13.Nce2 Nb4 14.Bf4 Qb6 15.Bf5 Ne4
16.c3 Nc6 17.Bxc8 Rxc8 18.Nb3 Ne7 19.Qd3 Qf6 20.Rad1 Bb6 21.Nbd4 Ng6 22.Bh2 Rfe8
23.Nf3 Ba7 24.Ned4 h6 25.Qc2 Rcd8 26.Qc1 Rd7 27.Rd3 Rde7 28.Rdd1 Rc8 29.Nc2 Nh4
30.Ncd4 Ng6 31.Nc2 Rd8 32.Ncd4 Ree8 33.Nc2 Nh4 34.Ncd4 Bxd4 35.Nxd4 Qg6 36.g3 Nf5
37.Nxf5 Qxf5 38.g4 Qf3 39.Qe3 Ng5 40.Qxf3 Nxf3+ 41.Kg2 Nxh2 42.Kxh2 Re2 43.Rb1 Rd6
44.a4 d4 45.cxd4 Rxd4 46.b3 Rdd2 47.Kg3 Rb2 48.Rfd1 Rxf2 49.Rd8+ Kh7 50.Rxb2 Rxb2
51.Rd3 g6 52.Kf4 Kg7 53.Ke5 b5 54.axb5 axb5 55.Kd5 Rc2 56.Rd4 Rc3 57.Rb4 Rxh3
58.Rxb5 Rg3 59.Rb8 Rxg4 60.b4 h5 61.b5 Rb4 62.Kc5 Rb1 63.Ra8 g5 64.b6 h4
65.Ra3 f5 66.Rh3 Kg6 67.Kc6 Kh5 68.b7 g4 69.Rh1 Rxb7 70.Kxb7 g3  0-1

[Event "Buenos Aires GEB op"]
[Site "Buenos Aires"]
[Date "1993.??.??"]
[Round "1"]
[White "Laboranti, Alberto"]
[Black "Dolezal, Cristian"]
[Result "0-1"]
[WhiteElo "2195"]
[BlackElo "2255"]

1.e4 c5 2.Nf3 Nc6 3.d4 cxd4 4.Nxd4 e6 5.Nc3 Qc7 6.g3 a6 7.Bg2 Nf6 8.O-O Nxd4
9.Qxd4 Bc5 10.Bf4 d6 11.Qd2 h6 12.a3 e5 13.Be3 Be6 14.Rad1 Rd8 15.h3 O-O
16.Kh2 Rfe8 17.Rfe1 b5 18.Nd5 Bxd5 19.exd5 e4 20.Qc3 Rc8 21.Re2 Re5 22.Bxc5 Qxc5
23.Qxc5 Rxc5 24.c3 Rcxd5 25.Rde1 Re6 26.Kg1 Rde5 27.f4 exf3 28.Rxe5 Rxe5
29.Rxe5 dxe5 30.Bxf3 Ne8 31.Bb7 a5 32.b3 Kf8 33.Kf2 Ke7 34.Bc6 Nc7 35.a4 bxa4
36.Bxa4 Nd5 37.c4 Nc3 38.Bc6 Kd6 39.Be8 f6 40.Bg6 Kc5 41.Ke3 a4 42.Kd2 Kb4
43.bxa4 Nxa4 44.Bf7 Nb2 45.g4 Nxc4+ 46.Kd3 Nd6 47.Be6 Kc5 48.Kc3 Ne4+ 49.Kd3 Nf2+  0-1

[Event "Buenos Aires Najdorf op"]
[Site "Buenos Aires"]
[Date "1993.??.??"]
[Round "1"]
[White "Escobar, Telmo"]
[Black "Rodriguez, Jorge Luis"]
[Result "1/2-1/2"]
[WhiteElo "2255"]
[BlackElo "2365"]

1.e4 c5 2.Nf3 e6 3.d4 cxd4 4.Nxd4 Nc6 5.Nc3 Qc7 6.g3 d6 7.Bg2 Nxd4 8.Qxd4 Ne7
9.O-O Nc6 10.Qc4 a6 11.a4 Bd7 12.Be3 Rc8 13.f4 Qa5 14.Qe2 Be7 15.Kh1 Qb4
16.Rae1 O-O 17.Bd2 Nd4 18.Nd5 exd5 19.Bxb4 Nxe2 20.Rxe2 Rc4 21.exd5 Rxb4
22.c3 Rb3 23.Rxe7 Bxa4 24.Rf2 Re8 25.Rxe8+ Bxe8 26.Bf1 Bb5 27.Kg1 Kf8 28.Bxb5 axb5
29.Rc2 Ke7 30.Kf2 b4 31.Ke3 bxc3 32.bxc3 Rb1 33.Kd4 Kd7 34.c4 h5 35.Re2 b5
36.cxb5 Rb4+ 37.Kc3 Rxb5 38.Kc4 Rc5+ 39.Kd4 Ra5 40.Rc2 Ra4+ 41.Ke3 h4 42.Rb2 hxg3
43.hxg3 Ra3+ 44.Ke4 Rxg3 45.Rb7+ Ke8 46.Rb8+ Ke7 47.Rb7+ Kf6 48.Rd7 Ra3 49.Rxd6+ Ke7
50.Rb6 Ra4+ 51.Ke5 f6+ 52.Kf5 g6+ 53.Kxg6 Rxf4 54.Re6+ Kd7 55.Rxf6 Rxf6+
56.Kxf6 Kd6 57.Kf5 Kxd5  1/2-1/2

[Event "Buenos Aires JMB op"]
[Site "Buenos Aires"]
[Date "1993.??.??"]
[Round "4"]
[White "Giaccio, Alfredo"]
[Black "Rodriguez, J."]
[Result "1/2-1/2"]
[WhiteElo "2350"]
[BlackElo "2365"]

1.e4 c5 2.Nf3 e6 3.d4 cxd4 4.Nxd4 Nc6 5.Nc3 a6 6.Be2 Qc7 7.O-O Nf6 8.Be3 Bb4
9.Na4 O-O 10.Nxc6 bxc6 11.Nb6 Rb8 12.Nxc8 Rfxc8 13.Bxa6 Rf8 14.Bd3 Bd6 15.g3 Be5
16.c3 Rxb2 17.Qc1 Qb7 18.Bc5 Ra8 19.f4 Bc7 20.Rf2 Rxf2 21.Bxf2 Ng4 22.Rb1 Qc8
23.Qc2 e5 24.f5 Qf8 25.Rb7 Qd6 26.Kg2 g6 27.fxg6 hxg6 28.Bg1 Qe6 29.Rb2 d5
30.c4 dxe4 31.Bxe4 Nf6 32.Rb7 Nxe4 33.Qxe4 Rxa2+ 34.Kh1 Bd8 35.Rb8 Rd2 36.Bb6 Qh3
37.Bg1 Kh7 38.Qxc6 Qg4 39.Rb3 e4 40.Qe8 Kg7 41.Re3 Bb6 42.Qe5+ Kh7 43.Qf6 Qf5
44.Qxf5 gxf5 45.Rb3 Bxg1 46.Kxg1 Rc2 47.Rb6 Rxc4 48.Rf6 Rc5 49.Rxf7+ Kg6
50.Ra7 Rc2 51.h4 Rb2 52.Ra8 Kf6 53.Re8 Rb3 54.Kf2 Kf7 55.Re5 Kg6 56.Re8 Kh5
57.Rg8 Rf3+ 58.Ke2 Kh6 59.Rg5 f4  1/2-1/2

[Event "Buenos Aires Najdorf op"]
[Site "Buenos Aires"]
[Date "1993.??.??"]
[Round "5"]
[White "Escobar, Telmo"]
[Black "Needleman, Alejandro"]
[Result "0-1"]
[WhiteElo "2255"]
[BlackElo "2355"]

1.e4 c5 2.Nf3 e6 3.d4 cxd4 4.Nxd4 Nc6 5.Nc3 Qc7 6.Be3 a6 7.Be2 b5 8.Nxc6 dxc6
9.f4 Nf6 10.Bf3 Be7 11.O-O Bb7 12.Qe2 O-O 13.a3 Rfd8 14.Rad1 a5 15.Rxd8+ Rxd8
16.Qf2 Rc8 17.Bc5 Bxc5 18.Qxc5 Nd7 19.Qe7 Nb6 20.Qxc7 Rxc7 21.Rd1 Kf8 22.b3 Ke7
23.Kf2 Rc8 24.e5 Nd5 25.Ne2 b4 26.axb4 axb4 27.Ra1 Kd7 28.Nd4 g6 29.g3 Kc7
30.Ne2 Kb6 31.Nc1 c5 32.Nd3 c4 33.Bxd5 cxd3 34.Bxb7 Rxc2+ 35.Ke3 Kxb7 36.Kxd3 Rxh2
37.Kc4 Rg2 38.Kxb4 Rxg3 39.Kc4 Rf3 40.b4 Kb6 41.Ra8 Rxf4+ 42.Kb3 h5 43.Ka4 h4
44.Rb8+ Kc7 45.Rh8 g5 46.Ka5 Rf1 47.Rh7 Kc6  0-1

[Event "Buenos Aires FMD op"]
[Site "Buenos Aires"]
[Date "1993.??.??"]
[Round "7"]
[White "Valerga, Diego"]
[Black "Filgueira, Hernan"]
[Result "1/2-1/2"]
[WhiteElo "2365"]
[BlackElo "2290"]

1.e4 c5 2.Nc3 Nc6 3.Nge2 e6 4.d4 cxd4 5.Nxd4 Nf6 6.Nxc6 bxc6 7.e5 Nd5 8.Ne4 Qc7
9.f4 Qa5+ 10.c3 Ba6 11.Bxa6 Qxa6 12.Qe2 Qxe2+ 13.Kxe2 f5 14.Nf2 Rb8 15.Nd3 c5
16.c4 Nb4 17.Rd1 Nc2  1/2-1/2

[Event "Buenos Aires Najdorf op"]
[Site "Buenos Aires"]
[Date "1993.??.??"]
[Round "8"]
[White "Bertona, Fernando"]
[Black "Rodriguez, Jorge Luis"]
[Result "1-0"]
[WhiteElo "2320"]
[BlackElo "2365"]

1.e4 c5 2.Nf3 e6 3.d4 cxd4 4.Nxd4 Nc6 5.Nc3 a6 6.Be2 Qc7 7.O-O Nf6 8.Kh1 Nxd4
9.Qxd4 Bc5 10.Qd3 h5 11.f4 Ng4 12.Nd1 b5 13.a4 b4 14.c4 Bb7 15.Ne3 g5 16.Nxg4 hxg4
17.Bxg4 Rh4 18.Qg3 O-O-O 19.e5 Rdh8 20.h3 Rxg4 21.Qxg4 Rh4 22.Qg3 Qc6 23.Kh2 g4
24.Bd2 Qe4 25.Rae1 Qh7 26.Be3 Bxg2 27.Kxg2 Qc2+ 28.Bf2 Rxh3 29.Qxg4 Rh6 30.Re2 Qxc4
31.Qf3 Rg6+ 32.Bg3 Kb8 33.Rd1  1-0

[Event "Buenos Aires Najdorf"]
[Site "Buenos Aires"]
[Date "1993.??.??"]
[Round "10"]
[White "Kamsky, Gata"]
[Black "Larsen, Bent"]
[Result "1-0"]
[WhiteElo "2655"]
[BlackElo "2540"]

1.e4 c5 2.Nf3 e6 3.d4 cxd4 4.Nxd4 Nc6 5.Nc3 d6 6.Be2 Nf6 7.O-O Be7 8.Be3 O-O
9.f4 Bd7 10.Qd3 a6 11.Rad1 Rc8 12.a3 Qc7 13.Nb3 Rfd8 14.Kh1 b5 15.Bf3 b4
16.axb4 Nxb4 17.Qd2 d5 18.e5 Ne4 19.Bxe4 dxe4 20.Qf2 Bb5 21.Rxd8+ Qxd8 22.Rd1 Qe8
23.Bc5 Bxc5 24.Nxc5 e3 25.Qxe3 Nxc2 26.Qf2 Nb4 27.N3e4 Rb8 28.Qg3 Kh8 29.Nd6 Qe7
30.f5 Rf8 31.h3 Nc6 32.f6 gxf6 33.exf6 Qxf6 34.Nd7 Qg7 35.Qxg7+ Kxg7 36.Nxf8 Kxf8
37.Nxb5 axb5 38.Rd6  1-0

[Event "Buenos Aires Najdorf op"]
[Site "Buenos Aires"]
[Date "1993.??.??"]
[Round "11"]
[White "Farah, Rodolfo"]
[Black "Rodriguez, Jorge Luis"]
[Result "0-1"]
[WhiteElo "2260"]
[BlackElo "2365"]

1.e4 c5 2.Nf3 e6 3.d4 cxd4 4.Nxd4 Nc6 5.Nc3 Qc7 6.g3 a6 7.Bg2 Nf6 8.Be3 Ne5
9.O-O b5 10.Bf4 d6 11.Qe2 Be7 12.Rad1 O-O 13.Bc1 Bb7 14.f4 Nc6 15.Be3 Rac8
16.Rf2 b4 17.Na4 Nxd4 18.Bxd4 e5 19.Bb6 Qc6 20.b3 Nxe4 21.fxe5 dxe5 22.Re1 f5
23.Qf1 Qg6 24.Bxe4 Bxe4 25.Qxa6 h5 26.Qb5 h4 27.Rxe4 fxe4 28.Rxf8+ Rxf8 29.Bf2 Qg4
30.Nb2 Qf3 31.Qd5+ Kh8 32.Qd2  0-1

[Event "Buenos Aires Najdorf op"]
[Site "Buenos Aires"]
[Date "1993.??.??"]
[Round "11"]
[White "Bertona, Fernando"]
[Black "Roca, Alfredo"]
[Result "1-0"]
[WhiteElo "2320"]
[BlackElo "2385"]

1.e4 c5 2.Nc3 Nc6 3.Nf3 e6 4.d4 cxd4 5.Nxd4 d6 6.Be3 Be7 7.Bc4 a6 8.Qe2 Qc7
9.O-O-O Bd7 10.Bb3 Nf6 11.g4 Nxd4 12.Rxd4 Bc6 13.g5 Nd7 14.f4 Nc5 15.Rf1 O-O-O
16.f5 d5 17.exd5 Nxb3+ 18.axb3 exd5 19.Bf4 Bd6 20.Bxd6 Qxd6 21.f6 gxf6 22.Rxf6 Qc7
23.Qf2 Rd7 24.Rdf4 Rf8 25.h4 Re7 26.Qc5 Rfe8 27.Kb1 Kb8 28.Ka2 Ka8 29.R4f5 Rd7
30.Nxd5 Bxd5 31.Rxd5 Qxc5 32.Rxc5 Re4 33.Rh6 Rdd4 34.h5 Rg4 35.Rxh7 Rdf4
36.Rg7 Rf1 37.h6 Rh1 38.Rxf7 Rgg1 39.b4 Rh4 40.h7 Rg2 41.Rf8+  1-0

[Event "Calcutta op"]
[Site "Calcutta"]
[Date "1993.??.??"]
[Round "9"]
[White "Prasad, Devaki V"]
[Black "Mishra, Neeraj Kumar"]
[Result "1/2-1/2"]
[WhiteElo "2480"]
[BlackElo "2365"]

1.e4 c5 2.Nf3 e6 3.d4 cxd4 4.Nxd4 Nc6 5.Nc3 a6 6.Be2 Qc7 7.Be3 Nf6 8.O-O Bb4
9.Na4 O-O 10.Nxc6 bxc6 11.f4 Rb8 12.Bd3 Re8 13.c4 e5 14.c5 d6 15.cxd6 Bxd6
16.f5 Qa5 17.Rc1 c5 18.Bxc5 Bd7 19.Bxd6 Bxa4 20.b3 Rbc8 21.Kh1 Rxc1 22.Qxc1 Bb5
23.Bxb5 Qxb5 24.Re1 Qd3 25.Bb4 Nxe4 26.Qe3 Qxe3 27.Rxe3 Nf6 28.Re1 Nd5 29.Bc5 g6
30.g4 gxf5 31.gxf5 Kg7 32.Rd1 Nc3 33.Rd7 Kf6 34.a3 Rc8 35.Bf2 Ne4 36.Bh4+ Kxf5
37.Rxf7+ Kg4 38.Bf2 Nxf2+ 39.Rxf2 Rc3 40.Rf6 Rxb3 41.Rxa6 Kf3 42.Rf6+ Ke3
43.Kg2 e4 44.a4 Ra3 45.Rh6 Rxa4  1/2-1/2

[Event "Cannes op"]
[Site "Cannes"]
[Date "1993.??.??"]
[Round "1"]
[White "Link, Ulrich"]
[Black "Cebalo, Miso"]
[Result "0-1"]
[WhiteElo "2235"]
[BlackElo "2485"]

1.e4 c5 2.Nf3 e6 3.d4 cxd4 4.Nxd4 Nc6 5.Nc3 d6 6.Be3 Nf6 7.Bc4 Be7 8.Qe2 O-O
9.O-O-O Qc7 10.Bb3 a6 11.Rhg1 Nxd4 12.Bxd4 Nd7 13.g4 b5 14.g5 b4 15.Qh5 bxc3
16.g6 fxg6 17.Bxe6+ Kh8 18.Rxg6 Ne5 19.Rdg1 Bf6  0-1

[Event "Capablanca mem-A"]
[Site "?"]
[Date "1993.??.??"]
[Round "3"]
[White "Henao, Raul Fernando"]
[Black "Hernandez, Gilberto"]
[Result "1/2-1/2"]
[WhiteElo "2405"]
[BlackElo "2505"]

1.e4 c5 2.Nf3 e6 3.d4 cxd4 4.Nxd4 Nc6 5.Nc3 Qc7 6.Be2 a6 7.O-O Nf6 8.Kh1 Nxd4
9.Qxd4 Bc5 10.Qd3 h5 11.f4 Ng4 12.Nd1 b5 13.Qh3 Nf6 14.e5 Ne4 15.Qd3 Bb7  1/2-1/2

[Event "Capablanca mem-A"]
[Site "?"]
[Date "1993.??.??"]
[Round "4"]
[White "Spangenberg, Hugo"]
[Black "Zapata, Alonso"]
[Result "1-0"]
[WhiteElo "2505"]
[BlackElo "2580"]

1.e4 c5 2.Nf3 e6 3.d4 cxd4 4.Nxd4 Nc6 5.Nc3 a6 6.g3 Nge7 7.Nb3 d6 8.Bg2 Bd7
9.O-O Nc8 10.a4 Be7 11.a5 Qc7 12.Qe2 O-O 13.f4 Bf6 14.Be3 Nb4 15.Qd2 Rb8
16.Rfd1 Rd8 17.Bd4 e5 18.Be3 b5 19.f5 Be7 20.g4 Be8 21.Qf2 f6 22.Rd2 Rd7
23.Nd5 Nxd5 24.exd5 Bd8 25.Be4 Qb7 26.Kh1 Rc7 27.Rg1 Rc4 28.Qf3 Qf7 29.Rdg2 Kh8
30.Nd2 Rxe4 31.Qxe4 Ne7 32.g5 Qxd5 33.gxf6 Qxe4 34.fxg7+ Kg8 35.Nxe4 Nxf5
36.Rf1 Bg6 37.Bd2 b4 38.Rgf2 Nd4 39.Nxd6 Kxg7 40.Rg1 Bh4 41.Rf7+ Kg8 42.Bh6 Ne6
43.Rd7 Rd8 44.Rxd8+ Nxd8 45.Bg5 Bxg5 46.Rxg5 Nc6 47.Nc4 e4 48.Ne5 Nxe5 49.Rxe5 Kf7
50.Kg2 Kf6 51.Rc5  1-0

[Event "Capablanca mem-A"]
[Site "?"]
[Date "1993.??.??"]
[Round "5"]
[White "Henao, Raul Fernando"]
[Black "Spangenberg, Hugo"]
[Result "0-1"]
[WhiteElo "2405"]
[BlackElo "2505"]

1.e4 c5 2.Nf3 e6 3.d4 cxd4 4.Nxd4 Nc6 5.Nc3 Qc7 6.Be2 a6 7.O-O Nf6 8.Be3 d6
9.f4 Be7 10.Kh1 O-O 11.a4 Bd7 12.Nb3 b6 13.Bf3 Rab8 14.g4 Bc8 15.g5 Nd7 16.Bg2 Na5
17.Nd2 b5 18.axb5 axb5 19.Rf3 b4 20.Ne2 g6 21.Rh3 f6 22.Qe1 fxg5 23.fxg5 Nc4
24.Nxc4 Qxc4 25.b3 Qc7 26.Ra7 Rb7 27.Rxb7 Qxb7 28.Bd2 Nc5 29.Qh4 Rf7 30.e5 Qa6
31.Qc4 Qa1+ 32.Ng1 d5 33.Qb5 Bd7 34.Qe2 Ne4 35.Bxe4 dxe4 36.Qxe4 Qa6  0-1

[Event "Cappelle op"]
[Site "Cappelle la Grande"]
[Date "1993.??.??"]
[Round "2"]
[White "Stefansson, Hannes"]
[Black "Klarenbeek, Mark"]
[Result "0-1"]
[WhiteElo "2495"]
[BlackElo "2375"]

1.e4 c5 2.Nf3 e6 3.d4 cxd4 4.Nxd4 Nc6 5.Nc3 a6 6.Nxc6 bxc6 7.Bd3 d5 8.O-O Nf6
9.Qe2 Be7 10.b3 O-O 11.Na4 Nd7 12.Bb2 Bb7 13.f4 Nb6 14.exd5 Nxa4 15.Bxh7+ Kxh7
16.Qh5+ Kg8 17.Bxg7 Kxg7 18.Rf3 Bc5+ 19.Kh1 Rg8 20.dxe6 Qf6 21.Re1 Kf8 22.bxa4 Bb4
23.c3 Be7 24.Ree3 c5 25.Qxf7+ Qxf7 26.exf7 Rxg2 27.Rxe7  0-1

[Event "Cappelle op"]
[Site "Cappelle la Grande"]
[Date "1993.??.??"]
[Round "3"]
[White "Emms, John M"]
[Black "Vaisser, Anatoli"]
[Result "1-0"]
[WhiteElo "2450"]
[BlackElo "2555"]

1.e4 c5 2.Nf3 Nc6 3.Nc3 e6 4.d4 cxd4 5.Nxd4 Nf6 6.Nxc6 bxc6 7.e5 Nd5 8.Ne4 Qa5+
9.Bd2 Nb4 10.f4 Qd5 11.Nf2 Rb8 12.a3 Na6 13.b4 d6 14.exd6 Bxd6 15.Bd3 Nc7
16.O-O c5 17.Qe2 cxb4 18.axb4 Bxb4 19.c4 Qd8 20.Bxb4 Rxb4 21.Rxa7 O-O 22.Rd1 Qe7
23.Qe4 f5 24.Qc6 Rf7 25.Be2 Rb2 26.Bf3 Rb3 27.Nd3 Ra3 28.Rxa3 Qxa3 29.Ne5 Qa7+
30.c5 Rf8 31.Qb6 Qxb6 32.cxb6 Nd5 33.Bxd5 exd5 34.Rxd5 h6 35.Rc5 Bb7 36.Rc7 Be4
37.Re7  1-0

[Event "Cappelle op"]
[Site "Cappelle la Grande"]
[Date "1993.??.??"]
[Round "3"]
[White "Istratescu, Andrei"]
[Black "Degraeve, Jean Marc"]
[Result "1/2-1/2"]
[WhiteElo "2470"]
[BlackElo "2455"]

1.e4 c5 2.Nf3 Nc6 3.Nc3 e6 4.d4 cxd4 5.Nxd4 Nf6 6.Nxc6 bxc6 7.e5 Nd5 8.Ne4 Qa5+
9.c3 Ba6 10.Bxa6 Qxa6 11.Qe2 Qxe2+ 12.Kxe2 f5 13.Nd2 g5 14.g3 Rg8 15.h4 g4
16.Nc4 Nb6 17.Kd3 Nxc4 18.Kxc4 Rb8 19.a4 f4 20.Bxf4 Rxb2 21.Be3 Bg7 22.Rhb1 Rxb1
23.Rxb1 Bxe5 24.Bxa7 d5+ 25.Kc5 Rg7 26.Bb8 Bxc3 27.Kxc6 Rf7 28.Bd6 Ra7 29.Rb7 Ra6+
30.Kc5 Ra5+ 31.Kc6 Ra6+ 32.Kc5 Ra5+  1/2-1/2